| 000 -Etiqueta do registo | |
|---|---|
| campo de controlo de comprimento fixo | 00479 2200169 4500 |
| 001 - Identificador do registo | |
| Campo de controlo | 75445 |
| 005 - Identificador da versão | |
| Campo de controlo | 20260205111127.0 |
| 010 ## - ISBN | |
| Número (ISBN) | 978-972-21-3297-8 |
| 021 ## - Nº depósito legal | |
| Código do país | Portugal |
| Número | 535160/24 |
| 100 ## - Dados Gerais de Proc. | |
| Dados gerais de processamento | 20260205d2024 c||y0pory50 ba |
| 200 ## - Título | |
| Título próprio | Onde está o livro que estava aqui? |
| Primeira menção de responsabilidade | Telma Guimarães |
| Outras menções de responsabilidade | ilust. Jana Glatt |
| 210 ## - Publicação, Distribuição | |
| Lugar da edição, distribuição, etc. | Alfragide |
| Nome do editor, distribuidor, etc. | Caminho |
| Data da publicação, distribuição, etc. | 2024 |
| 215 ## - Descrição física | |
| Descrição física | [42] p. |
| Outras indicações físicas | il. |
| 606 ## - Nome comum | |
| Elemento de entrada | Literatura infantojuvenil |
| 675 ## - CDU | |
| Notação | 087.5-053.5 |
| Edição | BN |
| Língua da edição | Português |
| 090 ## - Números de controlo do sistema (Koha) | |
| Número biblioitem do Koha (gerado automaticamente) | 75445 |
| 942 ## - Elementos de entrada adicionados (Koha) | |
| Tipo de item no Koha | Monografias |
| Suprimido | Disponível no OPAC |
| Removido (estado) | Perdido (estado) | Data de aquisição | Origem do registo (biblioteca) (codificado) | Código da organização que empresta ou é detentora (biblioteca) | Código de barras | Número de inventário | Cota | Tipo de circulação (não pode ser emprestado) | Tipo de item e material |
|---|---|---|---|---|---|---|---|---|---|
| Disponível | Disponível | 2026-02-05 | Biblioteca EB23 D. Paio Peres Correia | Biblioteca EB23 D. Paio Peres Correia | BEDPPC10600 | 10600 | 087.5 GUI | Normal | Monografias |